|
|
|
|
| LEADER |
01260nam a2200337 a 4500 |
| 001 |
c000413392 |
| 003 |
CARM |
| 005 |
00000000000000.0 |
| 008 |
971219s1997 njua b 00000 eng d |
| 019 |
1 |
|
|a 13594359
|
| 020 |
|
|
|a 0805898719
|
| 040 |
|
|
|a NNCU:A
|c NNCU:A
|
| 082 |
0 |
4 |
|a 155.4223
|2 21
|
| 245 |
0 |
0 |
|a Psychological correlates of infant cognition /
|c guest editor: Heikki Lyytinen.
|
| 260 |
|
|
|a Mahwah, N.J. :
|b Lawrence Erlbaum Associates,
|c c1997.
|
| 300 |
|
|
|a p. [131]-232 :
|b ill. ;
|c 23 cm.
|
| 490 |
0 |
|
|a Developmental neuropsychology ;
|v v. 13, no. 2.
|
| 500 |
|
|
|a "Special issue."
|
| 504 |
|
|
|a Includes bibliographical references.
|
| 650 |
|
0 |
|a Cognition in infants.
|
| 650 |
|
0 |
|a Child development.
|
| 650 |
|
0 |
|a Individual differences in infants.
|
| 650 |
|
0 |
|a Auditory evoked response.
|
| 650 |
|
2 |
|a Evoked potentials, Auditory.
|
| 650 |
|
2 |
|a Child development.
|
| 650 |
|
2 |
|a Cognition
|x In infancy & childhood.
|
| 650 |
|
2 |
|a Perception
|x In infancy & childhood.
|
| 700 |
1 |
|
|a Lyytinen, Heikki.
|
| 852 |
8 |
|
|b CARM
|h A3:AG20E0
|i C12753
|p 0583316
|f BK
|
| 999 |
f |
f |
|i 19dd396b-e1cc-50de-a4a8-1e54755e671f
|s c2e97d5c-1c74-53c0-85c9-8a5cd209b7d1
|
| 952 |
f |
f |
|p Can circulate
|a CAVAL
|b CAVAL
|c CAVAL
|d CARM 1 Store
|e C12753
|f A3:AG20E0
|h Other scheme
|i book
|m 0583316
|